00776nam a2200217Ia 4500003000900000008004100009020001800050040001600068080001500084100003200099245014800131260003000279300001500309650002700324650004100351650002500392650002200417942000700439999001500446952009700461IN-BaIIA211028s9999 xx 000 0 eng d a0-914635-00-8 cIIA Library a524.3bSTA aStall, Jullius D. W.914361 0aStars of Jadebcalender lore Mythology, Legends and Star Stories of Ancient ChinacJullius D. W. Stall  aDecaturbWrit Pressc1984 aiii, 204p. aArchaeoastronomy92299 aAstronomy and astrophysics thesaurus aStars of jade914362 aStellar structure cBK c8563d8563 00104070aBANbBANcGENd1986-01-07l0o524.3/ STAp9432r2021-11-05w1986-01-07yBKG21.4